000 00506nam a22001697a 4500
003 BD-DhJNU
005 20250120034313.0
008 250120b |||||||| |||| 00| 0 eng d
040 _aBD-DhJNU
_bENG
_cBD-DhJNU
_dBD-DhJNU
082 _223
_a891.73
100 _a Kuprin, Alexander
245 _aThe Garnet Bracelet :
_band other stories /
_cAlexander Kuprin
260 _aMoscow :
_bForeign Languages Publishing House,
300 _a382 p. :
_bill. ;
_c20 cm.
650 _aShort stories
942 _2ddc
_cBK
_n0
999 _c1116
_d1116